书目信息 |
| 题名: |
基于OpenCV的计算机视觉技术实现
|
|
| 作者: | 刘盛 , 陈胜勇 编著 | |
| 分册: | ||
| 出版信息: | 北京 科学出版社 2008.05 |
|
| 页数: | 478页 | |
| 开本: | 24cm | |
| 丛书名: | ||
| 单 册: | ||
| 中图分类: | TP391.41 , TP302.7 , TP312 | |
| 科图分类: | ||
| 主题词: | 计算机视觉--ji suan ji shi jue , 图像处理--tu xiang chu li--C语言--程序设计 | |
| 电子资源: | ||
| ISBN: | 978-7-03-021210-8 | |
| 000 | 00912nam0 2200277 450 | |
| 005 | 20080910090747.92 | |
| 010 | @a978-7-03-021210-8@dCNY60.00 | |
| 100 | @a20080624d2008 em y0chiy0121 ea | |
| 101 | 0 | @achi |
| 102 | @aCN@b110000 | |
| 105 | @ay a 000yy | |
| 200 | 1 | @a基于OpenCV的计算机视觉技术实现@Aji yu OpenCV de ji suan ji shi jue ji shu shi xian@f陈胜勇, 刘盛等编著 |
| 210 | @a北京@c科学出版社@d2008.05 | |
| 215 | @a478页@d24cm | |
| 320 | @a有书目 (第476-478页) | |
| 330 | @a本书共分十分章,其内容包括:使用OpenCV实现计算机视觉技术、OpenCV的编程环境等内容。 | |
| 606 | 0 | @a计算机视觉@Aji suan ji shi jue |
| 606 | 0 | @a图像处理@Atu xiang chu li@xC语言@x程序设计 |
| 690 | @aTP391.41@v4 | |
| 690 | @aTP302.7@v4 | |
| 690 | @aTP312@v4 | |
| 701 | 0 | @a刘盛@Aliu sheng@4编著 |
| 701 | 0 | @a陈胜勇@Achen sheng yong@4编著 |
| 801 | 0 | @aCN@bLR@c20080910 |
| 905 | @aZUCC@dTP312@eC560 | |
| 999 | @aLYX | |
| 基于OpenCV的计算机视觉技术实现/陈胜勇, 刘盛等编著.-北京:科学出版社,2008.05 |
| 478页;24cm |
| ISBN 978-7-03-021210-8:CNY60.00 |
| 本书共分十分章,其内容包括:使用OpenCV实现计算机视觉技术、OpenCV的编程环境等内容。 |
| ● |
| 相关链接 |
|
|
|
正题名:基于OpenCV的计算机视觉技术实现
索取号:TP312/C560
 
预约/预借
| 序号 | 登录号 | 条形码 | 馆藏地/架位号 | 状态 | 备注 |
| 1 | 676888 | 206768880 | 自科库301/301自科库 81排1列2层/ [索取号:TP312/C560] | 在馆 | |
| 2 | 676889 | 206768899 | 自科库301/301自科库 81排1列2层/ [索取号:TP312/C560] | 在馆 | |
| 3 | 676890 | 206768906 | 自科库301/301自科库 48排4列1层/ [索取号:TP312/C560] | 在馆 |